| 000 | 00853nam a22002297a 4500 | ||
|---|---|---|---|
| 003 | SISC | ||
| 005 | 20180502135320.0 | ||
| 008 | 180502b xxu||||| |||| 00| 0 eng d | ||
| 020 | _a9788965880776 | ||
| 020 | _a9788965880721 | ||
| 050 |
_aPL 991.3 .C5 _bA6 2012 |
||
| 100 | _aHyun, Jin Gun = 현 진건 지음 | ||
| 245 |
_aA good day = 운수 좋은 날 / _cHyun Jin Gun = 현 진건 지음; Kim Joon Woo, editor ; Lee Kyoung Ha, illustrator |
||
| 246 | _aUnsu choŭn nal; Pinch'ŏ ; Kohyang ; Sul kwŏnhanŭn sahoe | ||
| 260 |
_aSoul-si: _bSapiens 21 Cor., _c2012. |
||
| 300 |
_a144 pages : _bcolor illustrations ; _c21 cm. |
||
| 440 |
_aSafian's Korean literature short _vvolume 5 |
||
| 500 | _aIncludes index. | ||
| 650 |
_2Library of Congress Subject Headings _aShort stories _zKorea |
||
| 942 |
_2lcc _cBK |
||
| 999 |
_c356395 _d356395 |
||